=LDR 00000nam 2200000 4500 =001 NUTBA000000000001962 =005 20140526151443.0 =006 =007 =008 =020 ##$$a 978-979-1211-53-6 =035 ##$$a 0010-051400000000427 =040 ##$$a NBPDMAT =082 ##$$a 634.655 =090 ##$$a 634.655 $b Sup b =100 ##$$a Suparman =245 ##$$a Bercocok tanam mangga / $c Suparman =260 ##$$a Jakarta : $b Azka Press, $c 2007 =300 ##$$a iv, 60 hlm. : $b ilus. ; $c 21 cm. =650 ##$$a Mangga Budidaya =850 ##$$a NBPDMAT =990 ##$$a 21400927